00604nam a2200157 a 4500008004100000050001600041100002300057245007000080260002500150300001500175350000900190700002200199995008400221999001700305952012400322120416s1981 ||||||||||||||||| || u aHF 5635 Ess aHopwood, Anthony G10aEssays in British accounting researchcedited by Michael Bromwich aLondonbPitmanc1981 axvi, 348p. a0.00 aBromwich, Michael D0.00FCBU-MAIN LIBRARY (Kitwe)H1I0.00UAVAILABLEZAnnex Low-Usage Collection  c42355d42355 00102lcc4070a001b001cAnnex Low-Usage Collection d2022-11-30l0oHF 5635 Essp006901r2022-11-30w2022-11-30y002